LIBRARY ONLINE CATALOGUE

An Introduction to thermodynamics and statistical mechanics / (Record no. 9423)

MARC details
000 -LEADER
fixed length control field 00650nam a22002172 4500
001 - CONTROL NUMBER
control field 0000020623
005 - DATE AND TIME OF LATEST TRANSACTION
control field 20151217152218.0
008 - FIXED-LENGTH DATA ELEMENTS--GENERAL INFORMATION
fixed length control field 110928s xx 000 0 eng d
020 ## - INTERNATIONAL STANDARD BOOK NUMBER
International Standard Book Number 0521865579 :
040 ## - CATALOGING SOURCE
Original cataloging agency KABU
Transcribing agency KABU
100 1# - MAIN ENTRY--PERSONAL NAME
Personal name Stowe, Keith.
-- 0000181073
245 13 - TITLE STATEMENT
Title An Introduction to thermodynamics and statistical mechanics /
Statement of responsibility, etc. Keith Stowe.
250 ## - EDITION STATEMENT
Edition statement 2nd ed.
260 ## - PUBLICATION, DISTRIBUTION, ETC. (IMPRINT)
Place of publication, distribution, etc. Cambridge :
Name of publisher, distributor, etc. C. U. P.,
Date of publication, distribution, etc. 2007.
300 ## - PHYSICAL DESCRIPTION
Extent xiii, 556 p.
650 #0 - SUBJECT ADDED ENTRY--TOPICAL TERM
Topical term or geographic name as entry element Thermodynamics.
-- 0000153888
650 #0 - SUBJECT ADDED ENTRY--TOPICAL TERM
Topical term or geographic name as entry element Statistical mechanics.
-- 0000153865
852 1# - LOCATION
-- p6355 KES
908 ## - PUT COMMAND PARAMETER (RLIN)
Put command parameter 110928
950 ## - LOCAL HOLDINGS (RLIN)
-- 1
Holdings
Withdrawn status Lost status Source of classification or shelving scheme Not for loan Home library Current library Date acquired Total Checkouts Full call number Barcode Date last seen Price effective from Koha item type
    Library of Congress Classification   Kabarak, Main Campus Kabarak, Main Campus 17/12/2015   QC311 .S76 2007 19181 17/12/2015 17/12/2015 General Collection